00371nam a22001577a 4500003000700000005001700007008004100024082001600065100001700081245001600098250001700114260004000131300000800171490002900179650000500208MPLRDC20220104143236.0210129b ||||| |||| 00| 0 eng d a997.12 ZJZ  a朱晋桢著 a桔中秘c a一版一刷 ab成都棋苑编辑委员会c1981 b平 a中国象棋古典名著 a